|
|
|
|
| LEADER |
00000nam0a2200000 4500 |
| 001 |
38225 |
| 005 |
20231031005212.0 |
| 035 |
|
|
|a (RuTPU)RU\TPU\book\38909
|
| 090 |
|
|
|a 38225
|
| 100 |
|
|
|a 20020226d1987 km y0rusy50 ca
|
| 101 |
0 |
|
|a rus
|
| 102 |
|
|
|a RU
|
| 105 |
|
|
|a y g 001zy
|
| 200 |
1 |
|
|a Гальванотехника
|e Справочник
|f Под ред. А. М. Гинберга и др.
|
| 210 |
|
|
|a Москва
|c Металлургия
|d 1987
|
| 215 |
|
|
|a 736 с.
|
| 320 |
|
|
|a Библиогр.: с. 726.
|
| 320 |
|
|
|a Предм. указ.: с. 727-735.
|
| 610 |
1 |
|
|a гальванотехника
|
| 610 |
1 |
|
|a гальванические покрытия
|
| 610 |
1 |
|
|a поверхности
|
| 610 |
1 |
|
|a подготовка
|
| 610 |
1 |
|
|a химические методы
|
| 610 |
1 |
|
|a электрохимические методы
|
| 610 |
1 |
|
|a осаждение
|
| 610 |
1 |
|
|a металлы
|
| 610 |
1 |
|
|a сплавы
|
| 610 |
1 |
|
|a нанесение
|
| 610 |
1 |
|
|a металлизация
|
| 610 |
1 |
|
|a изготовление
|
| 610 |
1 |
|
|a печатные платы
|
| 610 |
1 |
|
|a гальванопластика
|
| 610 |
1 |
|
|a оборудование
|
| 610 |
1 |
|
|a автоматизация
|
| 610 |
1 |
|
|a сточные воды
|
| 610 |
1 |
|
|a очистка
|
| 610 |
1 |
|
|a регенерация
|
| 610 |
1 |
|
|a цветные металлы
|
| 610 |
1 |
|
|a безопасность труда
|
| 610 |
1 |
|
|a драгоценные металлы
|
| 610 |
1 |
|
|a гальванические растворы
|
| 610 |
1 |
|
|a справочники
|
| 675 |
|
|
|a 621.357(035)
|v 3
|
| 702 |
|
1 |
|a Гинберг
|b А. М.
|g Александр Миронович
|4 340
|
| 702 |
|
1 |
|a Иванов
|b А. Ф.
|g Анатолий Федорович
|4 340
|
| 702 |
|
1 |
|a Кравченко
|b Л. Л.
|g Людмила Леопольдовна
|4 340
|
| 801 |
|
1 |
|a RU
|b 63413507
|c 20020226
|g PSBO
|
| 801 |
|
2 |
|a RU
|b 63413507
|c 20210903
|g PSBO
|
| 942 |
|
|
|c BK
|